000 00694nam a2200289Ia 4500
005 20260324111956.0
008 008 260324s9999 xx 000 0 eng d
020 _a9781003492948
037 _aEBOOK
040 _aCRL
040 _beng
040 _cCRL
041 _2eng
041 _aeng
084 _qCRL
100 _aIan Pepper; Ruth McGrath
_91140784
245 0 _aIntroduction to Professional Policing
245 0 _bExamining the Evidence Base
260 _bTaylor and Francis
260 _c2025
365 _a
365 _b230
856 _uhttp://www.taylorfrancis.com/books/9781003492948
942 _cEBOOK
999 _c1729798
_d1729798